| 000 | 00794nam a2200205Ia 4500 | ||
|---|---|---|---|
| 003 | OSt | ||
| 005 | 20241120154849.0 | ||
| 007 | ca aa aaaaa | ||
| 008 | 201103s9999 xx 000 0 und d | ||
| 040 | _cSSBUL | ||
| 041 | _abur | ||
| 082 |
_a၂၉၄.၃၄၄၃၅ မ _223 _b၉၁၁၉(၂) S-SAT |
||
| 100 | _a မဟာစည်ဆရာ | ||
| 245 | 0 |
_aဝိပဿနာအလုပ်ပေးတရားတော်ကြီး/ _cမဟာစည်ဆရာတော် |
|
| 260 |
_aရန်ကုန် ၊ _bဗုဒ္ဓသာသနာအဖွဲ့ချုပ်၊ _c၁၉၆၉။ |
||
| 300 |
_a၁၂၆ စာမျက်နှာ၊ _c၁၈ စင်တီ။ |
||
| 500 | _aS-SAT: Dr.Sai Aung Tun Collection | ||
| 650 | _2ဝိပဿနာ | ||
| 942 |
_2ddc _cBK1 |
||
| 999 |
_c16616 _d16616 |
||